| 000 | 01166nam a22003377a 4500 | ||
|---|---|---|---|
| 003 | CHAP | ||
| 005 | 20220329135751.0 | ||
| 008 | 971013s1964 r 00010 d | ||
| 010 | _a41761 | ||
| 011 | _a42733 | ||
| 035 | _a46862 | ||
| 040 | _cCHAP | ||
| 082 |
_a631.45 _bF6 1964 |
||
| 100 | 0 | 0 |
_aFoster, Albert B. _942679 |
| 245 | _aApproved practices in soil conservation | ||
| 250 | _a3 ed. | ||
| 260 |
_aDanville, Ill. : _bInterstate, _c1964 |
||
| 300 |
_a384 p. _b: ilus. |
||
| 590 |
_aBATCH-UPD _b10 _c20130110 _lUCH01 _h0032 |
||
| 590 |
_aBATCH-UPD _b10 _c20130110 _lUCH01 _h2006 |
||
| 590 |
_aBATCH-UPD _b10 _c20130410 _lUCH01 _h1325 |
||
| 590 |
_aBATCH-UPD _b10 _c20130914 _lUCH01 _h1432 |
||
| 590 |
_aCONVERSION _b10 _c20130109 _lUCH01 _h1323 |
||
| 650 | 1 | 4 |
_aSuelos _xConservación. _9110283 |
| 901 | _aBK | ||
| 942 | _cLIBRO | ||
| 949 |
_a631.45 F6 1964 _bBC _cLIBRO _d-106752 _eLIBRO _fc.4 _h21365 _i46862 _si |
||
| 949 |
_a631.45 F6 1964 _bBC _cLIBRO _d33724000072732 _eLIBRO _h21365 _i46862 _si |
||
| 949 |
_a631.45 F6 1964 _bBC _cLIBRO _d33724000072740 _eLIBRO _fc.3 _h21367 _i46862 _si |
||
| 949 |
_a631.45 F6 1964 _bBC _cLIBRO _d33724000073383 _eLIBRO _fc.2 _h21366 _i46862 _si |
||
| 999 |
_c41761 _d41761 |
||